| 000 -CABECERA |
| Longitud fija campo de control |
00546nam a2200169 a 4500 |
| 001 - NÚMERO DE CONTROL |
| Número de control |
1694 |
| 003 - IDENTIFICADOR DEL NÚMERO DE CONTROL |
| Identificador del número de control |
CDMR |
| 005 - FECHA Y HORA DE LA ÚLTIMA TRANSACCIÓN |
| Fecha y hora de la última transacción |
20131001102406.0 |
| 008 - CÓDIGOS DE INFORMACIÓN DE LONGITUD FIJA |
| Códigos de información de longitud fija |
130130s1972||||||||||||||||||||||||||||d |
| 040 ## - FUENTE DE LA CATALOGACIÓN |
| Centro catalogador de origen |
CDMR |
| Lengua de catalogación |
cat |
| Centro transcriptor |
CDMR |
| 100 1# - PUNTO DE ACCESO PRINCIPAL-NOMBRE DE PERSONA |
| Nombre de persona |
Witherspoon, John P. |
| 9 (RLIN) |
1261 |
| 245 10 - MENCIÓN DE TÍTULO |
| Título |
Instalaciones de televisión educativa |
| Resto del título |
: guía para una programación |
| Mención de responsabilidad, etc. |
John P. Witherspoon y William J. Kessler |
| 260 ## - PUBLICACIÓN, DISTRIBUCIÓN, ETC. (PIE DE IMPRENTA) |
| Lugar de publicación, distribución, etc. |
México |
| Fecha de publicación, distribución, etc. |
1972 |
| Nombre del editor, distribuidor, etc. |
Diana |
| 650 04 - PUNTO DE ACCESO ADICIONAL DE MATERIA - TÉRMINO DE MATERIA |
| 9 (RLIN) |
3081 |
| Término de materia o nombre geográfico como elemento inicial |
Mitjans de comunicació de massa i educació |
| 650 04 - PUNTO DE ACCESO ADICIONAL DE MATERIA - TÉRMINO DE MATERIA |
| 9 (RLIN) |
3122 |
| Término de materia o nombre geográfico como elemento inicial |
Televisió |
| Subdivisión de materia general |
Programes |
| 942 ## - ENTRADA DE ELEMENTOS AGREGADOS (KOHA) |
| Koha [por defecto] tipo de item |
Monografies |
| Fuente de clasificaión o esquema |
|